| 000 | 00642nam a2200193Ii 4500 | ||
|---|---|---|---|
| 001 | 3126 | ||
| 003 | CO-ViMGA | ||
| 008 | 241108s9999||||xx |||||||||||||| ||und|| | ||
| 040 |
_aCO-ViMGA _bspa _erda _cCO-ViMGA |
||
| 041 | 0 | _aunk | |
| 082 | 0 | 4 | _aR 750 M45 |
| 245 | 1 | 0 |
_aMil obras maestras del Arte Universal: _bMaravillas eternas, creaciones geniales |
| 264 | 1 | _a[Lugar de publicación no identificado] : Instituto Galach de librerÃa y ediciones, 1946 | |
| 300 | _avolumen | ||
| 336 |
_atext _btxt _2rdacontent |
||
| 337 |
_aunmediated _bn _2rdamedia |
||
| 338 |
_avolume _bnc _2rdacarrier |
||
| 940 | _aidficha_siabuc: 3052. -- ficha_no_siabuc:3126 | ||
| 999 |
_c55945 _d55945 |
||